Bio-chemical aspects of salinity tolerance in rice genotypes / (Record no. 9554)

MARC details
000 -LEADER
fixed length control field 00941nam a22002537a 4500
001 - CONTROL NUMBER
control field BD-DhSAU 9554
003 - CONTROL NUMBER IDENTIFIER
control field BD-DhSAU
005 - DATE AND TIME OF LATEST TRANSACTION
control field 20190226103610.0
008 - FIXED-LENGTH DATA ELEMENTS--GENERAL INFORMATION
fixed length control field 150620b2007 bg |||r|||| 000 0 eng d
040 ## - CATALOGING SOURCE
Original cataloging agency BD-DhSAU
082 ## - DEWEY DECIMAL CLASSIFICATION NUMBER
Edition number 22
Classification number 543
Item number R2197
100 ## - MAIN ENTRY--PERSONAL NAME
Personal name Razzaque, Md. Abdur
Relator code Registration No.# 11357
245 ## - TITLE STATEMENT
Title Bio-chemical aspects of salinity tolerance in rice genotypes /
Remainder of title Ph.D. Thesis
Statement of responsibility, etc. by Md. Abdur Razzaque
260 ## - PUBLICATION, DISTRIBUTION, ETC. (IMPRINT)
Place of publication, distribution, etc. Bangladesh Agricultural University, Mymensingh :
Name of publisher, distributor, etc. Department of Agricultural Chemistry,
Date of publication, distribution, etc. 2007.
300 ## - PHYSICAL DESCRIPTION
Extent xvii, 275 p. :
Other physical details ill. ;
Dimensions 30 cm.
500 ## - GENERAL NOTE
General note Ph.D thesis of Department of Agricultural Chemistry, Bangladesh Agricultural University, Mymensingh, Bangladesh <br/>
590 ## - Name of Cataloguer
Name of Cataloger joy
650 ## - SUBJECT ADDED ENTRY--TOPICAL TERM
Topical term or geographic name as entry element Chemistry
650 ## - SUBJECT ADDED ENTRY--TOPICAL TERM
Topical term or geographic name as entry element Bio-chemical aspect
650 ## - SUBJECT ADDED ENTRY--TOPICAL TERM
Topical term or geographic name as entry element Rice genotypes
700 ## - ADDED ENTRY--PERSONAL NAME
Personal name Talukder, Nur Mohammad
Relator term Supervisor
700 ## - ADDED ENTRY--PERSONAL NAME
Personal name Dutta, Ratan Kumar
Relator term Co-supervisor
942 ## - ADDED ENTRY ELEMENTS (KOHA)
Source of classification or shelving scheme Dewey Decimal Classification
Koha item type PhD Thesis
Holdings
Withdrawn status Lost status Source of classification or shelving scheme Damaged status Not for loan Collection code Home library Branch Name Shelving location Date acquired Total Checkouts Full call number Barcode Date last seen Price effective from Koha item type
    Dewey Decimal Classification   Not For Loan Reference SAU Library SAU Library Reference 20/06/2015   543 R2197 39013 20/06/2015 20/06/2015 MS Level Thesis